Common US Presidents' First Names Quiz Stats

 Plays Quiz Updated Mar 18, 2020

Support Sporcle.
Go Orange.
Score 0/6 Timer 01:00
2 Plays Today
Number Name % Correct
3 PresidentsGeorge
95.5%
5 PresidentsJohn
94.5%
6 PresidentsJames
79.1%
4 PresidentsWilliam
76%
2 PresidentsAndrew
44%
2 PresidentsFranklin
36%

From the Vault

Country Beginnings Hunt

by skuban

Don't let any country hide its true identity!
Remove Ads.
Support Sporcle.
Get the best of Sporcle when you Go Orange. This ad-free experience offers more features, more stats, and more fun while also helping to support Sporcle. Thank you for becoming a member.

Show Comments

Extras

Top Quizzes Today


Score Distribution

Your Account Isn't Verified!

In order to create a playlist on Sporcle, you need to verify the email address you used during registration. Go to your Sporcle Settings to finish the process.

Report this User

Report this user for behavior that violates our Community Guidelines.

Details: